000 00580nam a2200193Ia 4500
005 20250508153736.0
008 008 250505s9999 xx 000 0 eng d
037 _aTextual
040 _aFEDL
_beng
_cFEDL
041 _aeng
_2eng
084 _a379.73, DUT
_qFEDL
100 _aDutton Samuel Train
_9764328
245 0 _aAdministration of public education in the United States
260 _aNew York, USA
_bThe Macmillan Company
_c1910
300 _aviii,601p.
700 _a Snedden David
_9764329
942 _cTEXL
_h379.73, DUT
999 _c1345134
_d1345134